| 000 | 00487nam a22001457a 4500 | ||
|---|---|---|---|
| 005 | 20180806171357.0 | ||
| 020 |
_a0195672011 _c595.00 |
||
| 035 | _aB-163256, b-163255, B-163258 | ||
| 037 |
_aDPL _bENG |
||
| 100 | _aSubedi, Surya P. | ||
| 245 |
_aDynamics of foreign policy and law : _bA study of Indo-Nepal relations / _cby Surya P. Subedi |
||
| 260 |
_aNew Delhi _bOxford University Press _c2006 |
||
| 300 |
_axiii, 274p. _c20 cms. |
||
| 942 |
_2ddc _cEN _h327.5405496 _mSUB |
||
| 999 |
_c65997 _d65997 |
||